[Event "Lublin 3rd"]
[Site "Lublin"]
[Date "2011.05.16"]
[Round "2"]
[White "Socko, Bartosz"]
[Black "Zhigalko, Sergei"]
[Result "0-1"]
[WhiteElo "2654"]
[BlackElo "2679"]
[Annotator "Ftacnik,L"]
[PlyCount "86"]
[EventDate "2011.05.15"]
[EventType "tourn"]
[EventRounds "7"]
[EventCountry "POL"]
[EventCategory "18"]
[SourceTitle "CBM 143"]
[Source "ChessBase"]
[SourceDate "2011.07.15"]
[SourceVersion "1"]
[SourceVersionDate "2011.07.15"]
[SourceQuality "1"]

1. d4 Nf6 2. c4 e6 3. Nf3 b6 4. g3 Ba6 5. Nbd2 c5 6. e4 cxd4 7. e5 {The knight
on d2 is not an ideal piece, so White has to strive to disrupt his opponent's
coordination as well.} (7. Nxd4 Bc5 $15) 7... Ng4 8. h3 Nh6 9. Bg2 Nc6 10. O-O
Nf5 11. a3 {The whole line is not easy for White, since even the banal
recapture of the sacrificed d4-pawn is not so easy.} (11. Qa4 Qc8 (11... Bb7
12. Ne4 Na5 $5 (12... h5 13. a3 Be7 14. Re1 Kf8 15. Bf4 f6 $6 16. h4 Nh6 $2 17.
exf6 gxf6 18. Nd6 $16 {1-0 Maki Uuro,M-Lassila,E/Helsinki 1996/ (47)}) 13. Qc2
Rc8 14. b3 Bc5 15. Bf4 O-O 16. g4 Ne7 17. h4 $6 Ng6 $1 18. Bg5 Be7 19. Nd6 Bxf3
20. Bxe7 Qxe7 21. Nxc8 Rxc8 22. Bxf3 Nxe5 $17 {0-1 Hellsten,J (2495)-Shipov,S 
(2575)/Gistrup 1997 (45)}) 12. Ne4 h5 13. Bd2 Bb7 14. Rfe1 a6 15. Qd1 Nb4 16.
Nxd4 Nxd4 17. Bxb4 Bxb4 18. Qxd4 Bxe4 19. Rxe4 Bc5 20. Qd2 a5 21. Qg5 g6 22.
Qf6 Rh7 23. Rd1 Ra7 {1/2-1/2 Geller,E (2565)-Giorgadze,T (2540)/Vilnius 1980 
(33)}) 11... Be7 (11... Rc8 12. Re1 (12. b4 Bb7 13. Ne4 $2 Nxb4 $1 $17) 12...
Be7 13. b4 Bb7 14. Ne4 $1 h5 15. Bf4 $11 {1-0 Nepomnishay,M-Geller,E/St
Petersburg 1994/ (24)}) (11... Qc7 12. b4 Bb7 13. Ne4 h5 14. Bf4 a5 $2 (14...
Be7 $15) 15. b5 Nd8 16. Nxd4 Qxc4 17. Nxf5 exf5 18. Rc1 Qe6 19. Ng5 $16 {
Sherbakov-Galliamova/Cheliabinsk/1989}) 12. b4 Bb7 13. g4 {The most ambitious
continuation is pushing away the mighty f5-knight at the cost of weakening the
kingside. The alternatives are not easy to judge as 13.Nb3 promises little and
13.Ne4!? is unclear.} (13. Nb3 Rc8 (13... Qc7 14. Bf4 $6 (14. Re1) 14... h6 $1
15. g4 Nh4 16. Nxh4 Bxh4 17. b5 Ne7 18. Qxd4 Bxg2 19. Kxg2 Ng6 20. Bh2 Qb7+ 21.
f3 O-O $15 {0-1 Goldin,A-Dokhoian,Y/Klaipeda 1988/ (44)}) 14. Bb2 Qc7 15. Re1
O-O 16. Rc1 (16. Nbxd4 Ncxd4 17. Nxd4 Nxd4 18. Bxb7 Qxb7 19. Qxd4 Rc7 $11)
16... a5 $1 17. b5 (17. g4 Nh4 18. Nxh4 Bxh4 19. Nxd4 Nxd4 20. Bxd4 Bxg2 21.
Kxg2 f6 $36) 17... Nd8 18. a4 Bb4 19. Re2 Bxf3 20. Bxf3 Nb7 21. Be4 $1 Ne7 22.
Nxd4 {1/2-1/2 Adianto,U (2591)-Alekseev,E (2616)/Tripoli 2004 (35)}) (13. Ne4
$5 d5 (13... O-O 14. g4 d5 (14... Nh4 15. Nxh4 Bxh4 16. Nd6 $16) 15. cxd5 (15.
exd6 $6 Nxd6 16. Nxd6 Qxd6 17. Nxd4 Rfd8 $15) (15. gxf5 $2 dxe4 16. f6 gxf6 17.
Bh6 exf3 18. Qxf3 Kh8 19. exf6 Bd6 20. Bxf8 Qxf8 $19) 15... exd5 16. Ned2 (16.
Neg5 Nh4 $1 $15) 16... Nh4 17. b5 Na5 18. Nxh4 Bxh4 19. Nf3 Be7 20. Nxd4 $13) (
13... Rc8 14. g4 d5) (13... Qc7 14. g4 d5 15. cxd5 exd5 16. Neg5 $44) 14. cxd5
Qxd5 (14... exd5 15. Ned2 a6 $1 16. Nb3 Rc8 (16... O-O 17. g4) 17. Bb2 (17. g4
Nh4 18. Nxh4 Bxh4 19. Nxd4 Nxd4 20. Qxd4 Rc4 $36) 17... O-O 18. g4 Nh4 19. Nxh4
Bxh4 $13) 15. Re1 d3 $5 (15... O-O $142 16. g4 (16. Bb2 d3 (16... Rfd8 17. g4
Nh6 (17... Ne3 18. fxe3 Qxe4 19. Nxd4 Qxg2+ 20. Kxg2 Nxd4+ 21. e4 $18) 18. Nxd4
Qd7 19. Nxc6 Bxc6 20. Qxd7 Bxd7 21. Rac1 $16) 17. g4 Nh6 18. Re3 Rfd8 $13)
16... Ne3 $5 (16... Nh4 17. Nxh4 Bxh4 18. Nf6+ $18) (16... Nh6 17. Bxh6 gxh6
18. Qd2 $16) 17. fxe3 Qxe4 18. Nxd4 (18. exd4 Qd5 19. Be3 $132) 18... Qxe5 19.
Bb2 Bg5 $16) 16. Bb2 $44 O-O-O $2 (16... O-O $142) 17. g4 Nh6 18. Nfd2 Qb5 $4 (
18... Qd7 $8 19. Nc4 Kb8 20. Ned6 $16) (18... Nxe5 19. Nd6+ $1 Qxd6 20. Bxe5
$18) 19. Nc3 {1-0 Tregubov,P (2615)-Shaposhnikov,E (2503)/Samara 2000} (19. Nc3
Qa6 20. b5 $18)) 13... Nh4 14. Nxh4 Bxh4 15. Ne4 Be7 16. Bg5 $1 {[%mdl 4]
Socko is rushing to take advantage of the d6-square weakness. The text move is
more ambitious than the more moderate line 16.Bf4.} (16. Bf4 O-O 17. g5 Kh8 (
17... Qb8 18. Re1 Kh8 19. Qh5 Nxe5 $5 (19... a5 20. Bg3 Rg8 21. c5 bxc5 22.
bxc5 Qe8 23. Qh4 a4 24. Nd6 Bxd6 25. Be4 h6 26. cxd6 Qd8 27. Rab1 Rb8 28. gxh6
Qxh4 29. Bxh4 Na5 30. Bxb7 Rxb7 31. Rxb7 Nxb7 32. hxg7+ Kxg7 33. Rd1 $16 {
1-0 Eljanov,P (2655)-Alekseev,E (2634)/Moscow 2006 (104)}) 20. Bxe5 Qxe5 21.
Nc5 Qc7 22. Nxb7 Qxc4 23. Re4 Qb5 24. Rh4 h6 25. gxh6 Qxh5 26. hxg7+ Kxg7 27.
Rxh5 d5 28. Bxd5 exd5 29. Rxd5 Rg8 $11 {1/2-1/2 Eljanov,P (2641)-Parligras,M 
(2560)/Warsaw 2005 (65)}) 18. Re1 Rc8 19. h4 Rg8 $1 20. Bg3 (20. Rc1 $5 Qf8 21.
c5 bxc5 22. bxc5) 20... Qf8 21. Qh5 a5 22. Nd6 Bxd6 23. exd6 {0-1 Sakaev,K 
(2669)-Alekseev,E (2625)/Kazan 2005 (40)}) 16... f6 {Zhigalko is not ready to
risk falling behind after the cautious 16..0-0 and prefers to play the riskier
weakening move.} (16... O-O 17. Bxe7 Nxe7 18. Qxd4 Bxe4 (18... Ng6 19. f4 Nh4 (
19... Qc7 {Grivas-Aseev/Leningrad/1989}) 20. Bh1 Bxe4 21. Bxe4 Rc8 22. Rac1 f5
23. exf6 Rxf6 24. Qe5 Ng6 $11 {1/2-1/2 Cramling,P-Chiburdanidze,M/Belgrade
1998/ (34)}) 19. Bxe4 Rc8 20. f4 (20. Rad1 $5 Rc7 (20... Qc7 21. Rfe1 Rfd8 22.
Qd6 Ng6 23. Bxg6 hxg6 24. Re4 Qxd6 25. Rxd6 g5 26. f4 gxf4 27. Rxf4 g5 28. Rfd4
Rc7 {1/2-1/2 L'Ami,E (2628)-Parligras,M (2551)/Rijeka 2010 (31)}) (20... f5 21.
exf6 Rxf6 22. Qxd7 Qxd7 23. Rxd7 Rxc4 24. Re1 $16) (20... Ng6 21. Bxg6 hxg6 22.
Qxd7 Qh4 23. Qd3 Rfd8 24. Qb3 $16) (20... Nc6 21. Bxc6 dxc6 22. Qxd8 Rfxd8 23.
Rd6 Rxd6 24. exd6 c5 25. Rd1 Kf8 26. f4 Rd8 27. b5 f6 $11) 21. f4 f6 22. exf6
Rxf6 23. Bc2 Qc8 24. Bb3 Kh8 {1-0 Tregubov,P (2626)-Kulaots,K (2531)/Moscow
2002 (57)}) 20... Qc7 21. Rac1 f5 22. exf6 Rxf6 23. c5 Rcf8 24. Qd6 Qxd6 25.
cxd6 Nd5 $11 {1/2-1/2 Tregubov,P (2628)-Gershon,A (2539)/Ohrid 2001 (40)}) (
16... Bxg5 17. Nd6+ Kf8 18. Nxb7 Qc7 19. Nd6 Rd8 20. f4 Be7 21. Nb5 Qc8 22. Be4
$14) 17. exf6 gxf6 18. Bh6 $6 {It is not easy to judge the objective merit of
this move, but the more moderate retreat 18.Bf4 seems to retain the dynamic
balance.} (18. Bf4 O-O 19. Qb3 $11) 18... Rg8 19. c5 Qc7 (19... bxc5 20. Nxc5
Bxc5 21. bxc5 Qc7 $15) 20. Rc1 {White is bringing in the reserves as the
immediate conflict with the b-pawn advance would slightly favour the enemy.} (
20. b5 Na5 (20... Ne5 21. Nd6+ Bxd6 22. cxd6 Qb8 23. Qxd4 Bxg2 24. Kxg2 Qb7+
25. f3 $11) 21. Qxd4 Rg6 $1 (21... Nb3 22. Qb2 Nxc5 (22... Nxa1 23. Nd6+ Bxd6
24. cxd6 $16) 23. Nxf6+ Bxf6 24. Qxf6 Bxg2 25. Kxg2 Qb7+ 26. f3 $14) 22. Nd6+
Bxd6 23. cxd6 Qb8 $15) 20... b5 $6 (20... Rg6 $1 21. Qd2 f5 22. Bf4 e5 23. Nd6+
Bxd6 24. cxd6 Qxd6 25. Bxe5 Nxe5 26. Bxb7 Rb8 27. f4 Nxg4 28. hxg4 Rxb7 29. g5
h6 $15) 21. Qd2 $6 {The home analyses of unbalanced positions can easily
reveal slips for both sides. The grandmasters are ignoring the strong idea 21.
Qf3! to their mutual peril. With the text continuation the game will be about
even.} (21. Qf3 $1 f5 (21... Rg6 22. Bf4 e5 23. Bd2 O-O-O (23... Kf8 24. Qb3 a5
25. f4 $16) 24. a4 a6 25. axb5 axb5 26. Qf5 $16) (21... Kf7 22. Bf4 e5 (22...
Ne5 23. Qg3 $16) 23. Bd2 Kg7 24. Qf5 Raf8 25. Nd6 Bxd6 26. Be4 Rh8 27. Qh5 $16)
22. gxf5 Ne5 23. Qh5+ Kd8 24. f3 exf5 25. Nd6 $14) 21... O-O-O 22. Bf4 e5 (
22... Ne5 $2 23. Nd6+ $18) 23. Bg3 h5 24. a4 $1 {It may be a waste of energy
to underline the first rule when there is opposite castling - advance as fast
as you can against the opponent's king!} (24. gxh5 $2 f5 25. Nd6+ Bxd6 26. cxd6
Qxd6 $17) 24... a6 (24... Ba6 25. g5 $1 fxg5 26. Nd6+ Bxd6 27. cxd6 Qxd6 28.
Rc5 $14) 25. axb5 axb5 26. Qe2 hxg4 27. hxg4 (27. Qxb5 gxh3 28. Bxh3 Rg7 29.
Bg2 Rh8 $17) 27... d3 {Zhigalko is feeling the heat on the queenside and wants
to have at least even chances with a grab of the g4-pawn.} (27... Qb8 28. Qxb5
Rxg4 29. Qe2 Rdg8 30. b5 $40) 28. Qxd3 Rxg4 29. Qxb5 (29. Bf3 Rxe4 30. Bxe4
Nxb4 31. Bxb7+ Qxb7 32. Qh7 Nc6 33. Rfd1 b4 $11) 29... Nd4 30. Qd3 (30. Nd6+
Bxd6 31. Bxb7+ (31. cxd6 Nxb5 32. dxc7 Nxc7 $17) 31... Qxb7 32. cxd6+ Kb8 $17)
30... Bc6 (30... Kb8 31. Rc4 Ne6 32. Ra1 Nf4 33. Bxf4 exf4 34. f3 Rg6 35. Kf1
Rdg8 36. Rc2 f5 $15) 31. b5 $5 {Socko is demonstrating excellent touch in a
very complex position. Most of the obvious lines are slightly favourable for
Black.} (31. Qxd4 exd4 32. Bxc7 Kxc7 33. Ng3 Rb8 $15) (31. Rc4 Qb7 32. Rxd4 (
32. Re1 Rdg8 33. b5 Qxb5 34. Rb1 Qa6 $17) 32... exd4 33. b5 Qxb5 (33... Bxe4
34. c6 Qxc6 35. Bxe4 Qc3 36. b6 Rxg3+ 37. fxg3 Qxd3 38. Bxd3 Kb7 $15) 34. Qxb5
Bxb5 35. Rb1 Rxg3 36. fxg3 Bc6 37. Nd6+ Bxd6 38. cxd6 Rg8 $15) 31... Bxe4 (
31... Bxb5 32. Nd6+ Bxd6 33. cxd6 Bxd3 34. Rxc7+ Kb8 35. Rb7+ Kc8 36. Rc1+ Nc6
37. Rb6 Ra4 38. Bh3 f5 39. Bxe5 Rg8+ $11) 32. Bxe4 Bxc5 33. b6 $2 {It is very
easy to miss the beat in charged positions and make a wrong choice. If White
wanted to continue with impeccable play he had to find the move 33.Rc3! with
equality.} (33. Rc3 $1 Rdg8 (33... f5 34. b6 Qxb6 35. Rb1 Rxg3+ 36. fxg3 Nc6+
37. Kg2 fxe4 38. Qc2 Bb4 39. Rc4 Kb7 40. Rcxb4 Nxb4 41. Qa4 Ra8 42. Qxd7+ $11)
34. Ra1 Kd8 35. Kf1 Ke7 36. Ra6 $11) 33... Qxb6 34. Rb1 $2 (34. Rc3 Rdg8 35.
Rfc1 d6 $17) 34... Ne2+ $1 {Combinations are the soul of chess games and the
Black's counterblow is not lacking in charm.} 35. Kh1 (35. Qxe2 Rxg3+ 36. Kh2 (
36. Bg2 Qc6 $19) 36... Rg5 $19) (35. Kg2 Nf4+ 36. Kf3 Nxd3 37. Rxb6 Rxe4 38.
Kxe4 d5+ 39. Kxd3 Bxb6 $19) 35... Rh8+ 36. Bh2 (36. Kg2 Nf4+ 37. Kf3 Nxd3 38.
Rxb6 Nxf2 (38... Rxe4 39. Kxe4 d5+ 40. Kxd3 Bxb6 $19) 39. Bb7+ Kd8 40. Bxf2
Rf4+ 41. Ke2 Rh2 $19) 36... Rgh4 37. Qxe2 (37. Rxb6 Rxh2#) 37... Rxh2+ 38. Kg1
Qe6 {The queen is running away from the danger after 4 long moves.. .} 39. Bf3
(39. Bg2 Rxg2+ 40. Kxg2 $19 Qh3+) 39... f5 40. Rfc1 Qg6+ 41. Bg4 Rh1+ 42. Kg2
R8h2+ 43. Kg3 f4+ {The final mating picture is quite original.} (43... f4+ 44.
Kf3 Qc6+ 45. Qe4 Rxf2#) 0-1

[Event "Interpolis-02"]
[Site "Tilburg"]
[Date "1978.09.05"]
[Round "4"]
[White "Timman, Jan H"]
[Black "Ribli, Zoltan"]
[Result "1/2-1/2"]
[WhiteElo "2585"]
[BlackElo "2585"]
[Annotator "Ftacnik,L"]
[PlyCount "34"]
[EventDate "1978.09.01"]
[EventType "tourn"]
[EventRounds "11"]
[EventCountry "NED"]
[EventCategory "14"]
[SourceTitle "MCL"]
[Source "ChessBase"]
[SourceDate "1999.07.01"]
[SourceVersion "1"]
[SourceVersionDate "1999.07.01"]
[SourceQuality "1"]

1. d4 Nf6 2. c4 e6 3. Nf3 b6 4. g3 Ba6 5. Qa4 (5. b3) 5... Bb7 6. Bg2 c5 7. O-O
cxd4 (7... Qc8 $6 8. Bf4 cxd4 9. Nxd4 Bxg2 10. Kxg2 Bc5 11. Rd1 $14 {
Balashov-Polugaevski, URS-44ch 1976}) (7... Nc6 $5) 8. Nxd4 Bxg2 9. Kxg2 Be7
10. Nc3 O-O 11. Rd1 Qc8 12. Ndb5 $5 (12. e4 d6 $10) 12... Qc6+ 13. f3 Rc8 (
13... d6 $4 14. Nxd6 $18) (13... a6 $2 14. Nd6 $14) 14. Bf4 Ne8 15. Rac1 Bf8 (
15... Qxc4 $2 16. Qxc4 Rxc4 17. Bxb8 Rxb8 18. Rxd7 $18) (15... a6 16. Nd4 Qxc4
17. Qxc4 Rxc4 18. b3 Rc5 (18... Rc8 19. Nd5 Rxc1 20. Nxe7+ Kf8 21. Rxc1 Kxe7
22. Rc8 $18) 19. Na4 $16) 16. e4 h6 17. Ne2 d6 1/2-1/2

[Event "GRE-GEO"]
[Site "Athens"]
[Date "2003.09.18"]
[Round "1"]
[White "Izoria, Zviad"]
[Black "Mastrovasilis, Athanasios"]
[Result "1-0"]
[WhiteElo "2541"]
[BlackElo "2499"]
[Annotator "Ftacnik,L"]
[PlyCount "79"]
[EventDate "2003.09.18"]
[EventType "team"]
[EventRounds "6"]
[EventCountry "GRE"]
[SourceTitle "CBM 098"]
[Source "ChessBase"]
[SourceDate "2004.02.03"]
[SourceVersion "1"]
[SourceVersionDate "2004.02.03"]
[SourceQuality "1"]

1. Nf3 d5 2. d4 Nf6 3. c4 e6 4. g3 Bb4+ 5. Bd2 Be7 6. Bg2 O-O 7. O-O c6 8. Qc2
b6 9. Rd1 Ba6 10. b3 Nbd7 11. Bf4 Rc8 12. Nc3 Nh5 13. Bc1 f5 14. e3 Bd6 15. a4
{[%mdl 4] It is not easy for white to fight for any advantage gainst the very
solid black's set up, Izoria tries it with undermining the queenside.} Nhf6 16.
a5 (16. Ba3 Bxa3 17. Rxa3 Qe7 18. Qb2 dxc4 19. Bf1 Nd5 20. bxc4 Nxc3 21. Qxc3
c5 {1/2-1/2 Kiss,A-Farago,I/Leiner 1996/ (26)}) 16... bxa5 17. Ba3 Bxa3 (17...
Qe7 18. Bxd6 Qxd6 19. Rxa5 c5 20. cxd5 exd5 21. Qa2 $16) 18. Rxa3 dxc4 19. Rda1
(19. b4 axb4 20. Rxa6 bxc3 21. Qxc3 (21. Ng5 $6 Qe7 22. Rxa7 Nd5 23. Nf3 Ra8
$15) 21... Nb6 22. Rxa7 c5 23. Qa5 $13) 19... cxb3 $2 {In this moment black
has three spare pawns, but positionally his structure becomes very vulenrable.
It was much better to try the freeing manouver with 19...c5.} (19... c5 20.
Rxa5 Bb7 (20... cxd4 21. Nxd4 cxb3 22. Qxb3 Bc4 23. Qb1 Nc5 24. Nc6 Rxc6 (24...
Qd6 25. Qb4 Bd5 26. Nxd5 Nxd5 27. Bxd5 exd5 28. Nxa7 Rc7 29. Nb5 Qb6 30. Qd4
Rd7 31. Na7 $18) 25. Bxc6 Nb3 26. R5a4 $1 $18) 21. bxc4 (21. Rxa7 Bxf3 22. Bxf3
cxd4 23. exd4 Qb6 24. Qd2 cxb3 25. Rb7 Qd6 26. Nb5 Qe7 27. Qb2 $14) 21... Bxf3
22. Bxf3 cxd4 23. exd4 Rxc4 24. Qb3 Nb6 25. Be2 Rc6 26. Rc5 $14) 20. Qxb3 Nd5 (
20... Qe8 21. Rxa5 Bd3 22. Rxa7 c5 23. Nb5 c4 24. Qa4 $16) 21. Rxa5 Rb8 22. Qa3
Bc4 (22... Bb5 23. Rxa7 Rf7 24. Qc1 $16) 23. Rxa7 Nxc3 (23... Rb3 24. Qd6 Nxc3
25. Rxd7 Ne2+ 26. Kh1 Qf6 27. Nd2 $18) 24. Qxc3 Bd5 25. Qa3 c5 (25... Nb6 26.
Ne5 Bxg2 27. Kxg2 Ra8 28. Qc5 $18) 26. dxc5 Qc8 27. c6 $5 {The only difficulty
for white was to decide for one of very tempting line of converting his huge
advantage.} (27. Nd4 Bxg2 28. Kxg2 e5 29. Qa2+ Kh8 30. Qd5 exd4 31. Qxd7 Qxd7
32. Rxd7 dxe3 33. fxe3 Rfc8 34. Raa7 $18) (27. Rc1 Rb3 28. Qa1 $18) 27... Qxc6
(27... Bxc6 28. Rc1 e5 29. Nd4 $1 exd4 30. Bxc6 $18) 28. Nd4 Qc5 (28... Qc8 29.
Bxd5 exd5 30. Qd6 Nf6 31. Nc6 $18) 29. Rxd7 Qxa3 (29... Rb1+ 30. Bf1 Qxa3 31.
Rxa3) 30. Rxa3 Rb1+ 31. Bf1 Bc4 32. Raa7 $1 Rfb8 (32... Bxf1 $2 33. Rxg7+ Kh8
34. Rxh7+ Kg8 35. Rag7#) 33. Rxg7+ Kh8 34. Rxh7+ Kg8 35. Rag7+ Kf8 36. Rc7
Rxf1+ 37. Kg2 Rg1+ (37... Kg8 38. Rxc4 Rxf2+ 39. Kxf2 Kxh7 40. Nxe6 $18) 38.
Kxg1 Rb1+ 39. Kg2 Bf1+ 40. Kf3 1-0

[Event "World Cup"]
[Site "Reykjavik"]
[Date "1991.??.??"]
[Round "6"]
[White "Karpov, Anatoly"]
[Black "Khalifman, Alexander"]
[Result "1-0"]
[WhiteElo "2730"]
[BlackElo "2630"]
[Annotator "Ftacnik,L"]
[PlyCount "65"]
[EventDate "1991.09.??"]
[EventType "tourn"]
[EventRounds "15"]
[EventCountry "ISL"]
[EventCategory "16"]
[SourceTitle "CBM 026"]
[Source "ChessBase"]
[SourceDate "1992.02.01"]
[SourceVersion "1"]
[SourceVersionDate "1992.02.01"]
[SourceQuality "1"]

1. d4 {Ernst Salov Schussler} Nf6 2. c4 e6 3. Nf3 b6 4. g3 Ba6 5. b3 Bb4+ (5...
d5 {Schussler} 6. cxd5 Nxd5 $5 {A relatively new idea. Black equalized
comfortably in De Boer,GJ-Van der Wiel, J, NLD-ch 1991 (CBM 26/ game 444). For
6. - exd5 - see Portisch,L-Timman,J, Reykjavik 1991 (CBM 26/game 697).}) 6. Bd2
Be7 7. Bg2 c6 8. Bc3 (8. O-O {Schussler} d5 9. Qc2 O-O 10. Bf4 Nbd7 11. Nbd2
Nh5 $5 {Plachetka,J-Stohl,I, Stary Smokovec 1991 (CBM 26/game 844).}) 8... d5
9. Nbd2 Nbd7 10. O-O O-O 11. Re1 c5 12. e4 dxc4 13. Nxc4 (13. bxc4 cxd4 14.
Nxd4 Ne5 15. Nxe6 fxe6 16. Bxe5 Bc5 $44 (16... Bc5 {Salov} 17. Rf1 (17. Qe2
Bxf2+ $1 18. Qxf2 Ng4 19. Qd4 Nxe5 $10) 17... Qd3 $1 $10)) 13... Bb7 14. Qd3 {N
} (14. e5 Nd5 15. Bb2 b5 16. Nd6 Bxd6 17. exd6 c4 18. Ba3 b4 19. bxc4 bxa3 20.
Qb3 N5b6 $15 {Ftacnik,L-Lerner,K/Amsterdam OHRA-B/1988/} (20... N5b6 {Salov}
21. Rac1 $44 {Ftacnik-Lerner,Amsterdam 1988})) (14. Nfe5 cxd4 15. Bxd4 b5 16.
Nxd7 Nxd7 17. Ne3 Bc5 18. Rc1 Rc8 19. e5 Bxg2 20. Kxg2 Qb6 21. Bxc5 Nxc5 $10 {
Cvitan,O-Stempin,P/Warszawa/1990/}) 14... cxd4 (14... b5 15. Na5 $16) (14...
Rc8 $1 $14 {Ernst}) 15. Nxd4 Nc5 16. Qc2 a6 (16... Rc8 {Salov} 17. Nb5 $1 (17.
Rad1 Qe8 $13) 17... a6 (17... Ncxe4 18. Bxf6) 18. Rad1 axb5 19. Rxd8 Rcxd8 20.
Ne5 $16 (20. Nxb6 Nd3 21. Rd1 Nxf2 22. Rxd8 Rxd8 $44)) 17. Rad1 Qc7 18. Bd2 $1
Ncd7 (18... b5 19. Bf4 Qc8 20. Nb6 $18) (18... e5 19. Nf5 Bd8 20. Bb4 $16) (
18... Nfd7 19. b4 Na4 20. Bf4 $1 (20. Qxa4 b5 21. Qa5 Qxc4) 20... Qc8 (20... e5
21. Nxe5 Qxc2 22. Nxc2 $16) 21. Qb3 $16) (18... Ncxe4 {Salov} 19. Rxe4 b5 20.
Bf4 Qc8 21. Bd6 $18) 19. Bf4 Qc5 (19... e5 20. Nxe5 $1) (19... Qc8 20. Bd6 $1
Qd8 (20... Bxd6 21. Nxd6 Qxc2 22. Nxc2 Rab8 23. Nxb7 Rxb7 24. e5 Nd5 25. Nb4
$18) 21. Bxe7 (21. e5 $16 {Schussler}) 21... Qxe7 22. e5 Nd5 23. Nd6 Nc5 24.
N4f5 $1 $16) 20. Bc1 $1 Qc7 (20... b5 21. Na5 $16) (20... Rfe8 21. Ba3 Qc7 22.
Bxe7 Rxe7 23. e5 Nd5 24. Nd6 $16) 21. e5 Nd5 22. Ne3 Qxc2 (22... Rac8 23. Qxc7
Rxc7 24. Nxd5 Bxd5 25. Bxd5 exd5 26. Nf5 Bb4 27. Re2 $16) 23. Ndxc2 Rac8 (23...
Nxe3 24. Nxe3 (24. Bxe3 Bxg2 25. Rxd7 Be4 26. Rxe7 Bxc2 27. Bxb6 $14) 24...
Bxg2 (24... Nc5 {Salov} 25. Bxb7 Nxb7 26. Nc4 $36 (26. Rd7 Bb4 $1)) 25. Rxd7
Bb4 26. Nxg2 Bxe1 27. Nxe1 Rfd8 28. Rd6 $16) 24. Bxd5 $1 (24. Nxd5 Bxd5 25.
Bxd5 Rxc2 26. Be4 (26. Bxe6 fxe6 27. Rxd7 Rfxf2) 26... Rc7) 24... exd5 25. Nxd5
Bxd5 (25... Bc5 26. Ba3 Bxf2+ 27. Kxf2 Rxc2+ 28. Re2 Rxe2+ 29. Kxe2 Rd8 30.
Nxb6 Bc6 31. Rd6 Bb5+ 32. Ke3 $16) 26. Rxd5 Rxc2 27. Rxd7 Bb4 (27... Bc5 28.
Rd2 $1 (28. Be3 {Salov} Rxa2 29. Bxc5 bxc5 30. Rc7 $16) 28... Rxd2 29. Bxd2 Rd8
30. Be3 $16) 28. Red1 Rxa2 29. Be3 Bc5 (29... b5 30. Rc7 $16 (30. Rc1 {Ernst}
h6 31. e6 fxe6 32. Rcc7 $18)) (29... Bc3 {Ernst} 30. Bxb6 Bxe5 31. Bc5 Re8 32.
Re7 $18) 30. Bxc5 bxc5 31. Rc7 Ra3 $2 (31... Rb2 32. Rdd7 (32. e6 fxe6 33. Rdd7
Rfxf2 34. Rxg7+ Kf8 35. Rxh7 Rg2+ 36. Kh1 Kg8 37. Rcg7+ Kf8 38. Rb7 Kg8 39.
Rhd7 Rxh2+ 40. Kg1 Rhg2+ 41. Kf1 Rgf2+ $10) 32... Re2 $8 (32... Rxb3 33. e6 $1
$18) 33. Rxc5 $16) (31... Rb2 $142 {Salov}) 32. e6 $1 fxe6 33. Rdd7 {Ftacnik,L}
1-0